Zkušenosti z mistrovství Evropy ve veslování 1961 v Praze

Bibliographic Details
Main Author: Wihan, J. (Author)
Format: Book
Language:Undetermined
Published: Praha Sportovní a turistické nakladatelství 1962

MARC

LEADER 00000nam a2200000 a 4500
001 vtls001304339
003 SK-MaSNL
005 20260301235207.0
008 240313s1962 xx 0 und
035 |a SNK000256534 
040 |a SNK  |b slo  |c SNK  |e AACR2 
100 1 |a Wihan, J.  |4 aut  |9 578481 
245 1 |a Zkušenosti z mistrovství Evropy ve veslování 1961 v Praze 
260 |a Praha  |b Sportovní a turistické nakladatelství  |c 1962 
300 |a 146 s. 
999 |c 973921  |d 975851 
952 |t P60, <04>, [BOOK], {604}  |a SNK  |b SNK  |y VYP  |7 0  |p 17A0098976  |o snkIB 12426 D1  |0 0  |1 1  |4 0  |d 1997-09-30  |l 0  |r 2005-01-02 00:00:00  |w 2026-02-24